000 00360nam a2200145Ia 4500
001 3909
008 241024s9999 xx 000 0 und d
020 _a978-9945-465-37-2
082 _aRD/863.97293/M385c
100 _aJ. Adalberto Martinez
245 0 _aLa Cotorra Marola
260 _bEdiciones CP
_c2013
901 _a29/1/2015 10:51:06 a.m.
999 _c7765
_d7765